| 000 | 01154cam a2200337 a 4500 | ||
|---|---|---|---|
| 001 | 16317180 | ||
| 003 | OSt | ||
| 005 | 20230602135236.0 | ||
| 008 | 100707s2010 ke ab b 000 0 eng | ||
| 010 | _a 2010305515 | ||
| 040 |
_aDLC _cDLC |
||
| 042 |
_apcc _alcode |
||
| 043 | _af-ke---- | ||
| 082 |
_a304.096762 _bKEN |
||
| 245 | 0 | 0 |
_aKenya demographic and health survey, 2008-2009 / _cKenya National Bureau of Statistics ... [et al.]. |
| 260 |
_aNairobi, Kenya : _bKenya National Bureau of Statistics, _c[2010] |
||
| 300 |
_axxiv, 430 p. : _bill., maps ; _c30 cm. |
||
| 500 | _a"June 2010." | ||
| 504 | _aIncludes bibliographical references (p. 275-281). | ||
| 650 | 0 |
_aDemographic surveys _zKenya. |
|
| 650 | 0 |
_aFamily demography _zKenya. |
|
| 650 | 0 |
_aFamily life surveys _zKenya. |
|
| 650 | 0 |
_aHealth surveys _zKenya. |
|
| 650 | 0 |
_aFertility, Human _zKenya. |
|
| 650 | 0 |
_aBirth control _zKenya. |
|
| 650 | 0 |
_aFamily life surveys _zKenya |
|
| 710 | 2 | _aKenya National Bureau of Statistics. | |
| 906 |
_a7 _bcbc _corigode _d3 _encip _f20 _gy-gencatlg |
||
| 942 |
_2ddc _cBK |
||
| 999 |
_c154 _d154 |
||